| Tag |
First Indicator |
Second Indicator |
Subfields |
| LEADER |
00000cam a2200000 a 4500 |
| 001 |
in00000014075 |
| 005 |
20151007052132.0 |
| 008 |
861022s1987 nyu j 00011 eng |
| 010 |
|
|
|a 86045776
|
| 020 |
|
|
|a 0060232676 :
|c $11.95
|
| 020 |
|
|
|a 0060232684 (lib. bdg.) :
|c $11.89
|
| 035 |
|
|
|a (OCoLC)14693155
|
| 035 |
|
|
|9 AAA6425AM
|
| 040 |
|
|
|a DLC
|c DLC
|d TXA
|d UtOrBLW
|
| 049 |
|
|
|a [Curr Col] TXAM
|c [A12607815]
|
| 050 |
0 |
0 |
|a PZ7.K46825
|b Fe 1987
|
| 082 |
0 |
|
|a [Fic]
|2 19
|
| 100 |
1 |
|
|a Kerr, M. E.
|
| 240 |
1 |
0 |
|a Fell
|
| 245 |
1 |
0 |
|a M.E. Kerr introduces Fell.
|
| 250 |
|
|
|a 1st ed.
|
| 264 |
|
1 |
|a New York, N.Y. :
|b Harper & Row,
|c [1987]
|
| 264 |
|
4 |
|c ©1987
|
| 300 |
|
|
|a 165 pages ;
|c 22 cm.
|
| 336 |
|
|
|a text
|b txt
|2 rdacontent
|
| 337 |
|
|
|a unmediated
|b n
|2 rdamedia
|
| 338 |
|
|
|a volume
|b nc
|2 rdacarrier
|
| 500 |
|
|
|a Cover title: Fell.
|
| 500 |
|
|
|a "A Charlotte Zolotow book."
|
| 520 |
|
|
|a A strange incident on the night of the senior prom changes John Fell's entire life, leading him to enroll in an exclusive private school under an assumed name.
|
| 650 |
|
1 |
|a Schools
|x Fiction.
|
| 650 |
|
1 |
|a Spies
|x Fiction.
|
| 740 |
0 |
|
|a Fell.
|
| 999 |
|
|
|a MARS
|
| 999 |
f |
f |
|s cdba9c6e-b8ee-3a2d-ad4a-c89f921e2f43
|i 29370462-68f7-327e-a865-4c2556aebc6a
|t 0
|
| 952 |
f |
f |
|p ric
|a Texas A&M University
|b Rellis Campus
|c Joint Library Facility
|d Remote Storage
|t 0
|e PZ7.K46825 Fe 1987
|h Library of Congress classification
|i unmediated -- volume
|m A14812607815
|
| 998 |
f |
f |
|a PZ7.K46825 Fe 1987
|t 0
|l Remote Storage
|